Cosas añejas / (Registro nro. 7149)

Detalles MARC
000 -LEADER
fixed length control field 01054nam a2200337 a 4500
001 - CONTROL NUMBER
control field 000017410
003 - CONTROL NUMBER IDENTIFIER
control field 000017410
005 - DATE AND TIME OF LATEST TRANSACTION
control field 20150309153528.0
007 - PHYSICAL DESCRIPTION FIXED FIELD--GENERAL INFORMATION
fixed length control field 000
008 - FIXED-LENGTH DATA ELEMENTS--GENERAL INFORMATION
fixed length control field 100324s1998 000 spa d
015 ## - NATIONAL BIBLIOGRAPHY NUMBER
National bibliography number 02
040 ## - CATALOGING SOURCE
Original cataloging agency BPMET
Language of cataloging spa
Transcribing agency BPMET
049 ## - LOCAL HOLDINGS (OCLC)
Holding library BNPD
092 ## - LOCALLY ASSIGNED DEWEY CALL NUMBER (OCLC)
Classification number RD863.3
Item number P418c, 1996
100 1# - MAIN ENTRY--PERSONAL NAME
Personal name Penson, César Nicolás,
Dates associated with a name 1855-1901
245 10 - TITLE STATEMENT
Title Cosas añejas /
Statement of responsibility, etc. César Nicolás Penson
260 ## - PUBLICATION, DISTRIBUTION, ETC. (IMPRINT)
Place of publication, distribution, etc. Santo Domingo :
Name of publisher, distributor, etc. Taller,
Date of publication, distribution, etc. 1998.
300 ## - PHYSICAL DESCRIPTION
Extent 91 p. ;
Dimensions 22 cm.
490 1# - SERIES STATEMENT
Series statement Biblioteca taller
Volume/sequential designation 9
700 1# - ADDED ENTRY--PERSONAL NAME
Personal name Alcántara Almánzar, José,
Relator term pról.
830 #0 - SERIES ADDED ENTRY--UNIFORM TITLE
Uniform title Biblioteca taller
Number of part/section of a work 9
910 ## - USER-OPTION DATA (OCLC)
User-option data Validado. Control de calidad BNPHU
930 #1 - EQUIVALENCE OR CROSS-REFERENCE-UNIFORM TITLE HEADING [LOCAL, CANADA]
Language of a work BND01
Medium of performance for music LF1
Field link and sequence number 20100324
Date of a work 01
Name of part/section of a work HD
Miscellaneous information 12253
942 ## - ADDED ENTRY ELEMENTS (KOHA)
Source of classification or shelving scheme Dewey Decimal Classification
Koha item type Libros
956 ## - LOCAL ELECTRONIC LOCATION AND ACCESS (OCLC)
Host name VGENAO
Access number 10
Compression information 20100324
Logon BND01
Processor of request 1427
956 ## - LOCAL ELECTRONIC LOCATION AND ACCESS (OCLC)
Host name VGENAO
Access number 10
Compression information 20100324
Logon BND01
Processor of request 1427
956 ## - LOCAL ELECTRONIC LOCATION AND ACCESS (OCLC)
Host name IGARCIA
Access number 10
Compression information 20100910
Logon BND01
Processor of request 1414
956 ## - LOCAL ELECTRONIC LOCATION AND ACCESS (OCLC)
Host name MMOLINA
Access number 40
Compression information 20100910
Logon BND01
Processor of request 1719
956 ## - LOCAL ELECTRONIC LOCATION AND ACCESS (OCLC)
Host name MMOLINA
Access number 40
Compression information 20100910
Logon BND01
Processor of request 1722
956 ## - LOCAL ELECTRONIC LOCATION AND ACCESS (OCLC)
Host name MMOLINA
Access number 40
Compression information 20100910
Logon BND01
Processor of request 1722

No hay ítems disponibles.